Prínos aktívneho starnutia pre ekonomický a sociálny rozvoj
Prístupy k aktívnemu starnutiu v Európskej únii a demografický rozmer starnutia populácie vo svete a v Európskej únii. AGE Platform Europe - Európska platforma seniorov. Prístupy k aktívnemu starnutiu v Slovenskej republike a demografický rozmer starnutia populácie v Slovenskej republike. Prínos...
Salvato in:
| Autore principale: | |
|---|---|
| Natura: | Capitolo di libro |
| Lingua: | slovacco |
| Soggetti: | |
| Tags: |
Nessun Tag, puoi essere il primo ad aggiungerne!!
|
MARC
| LEADER | 00000naa a2200000 4500 | ||
|---|---|---|---|
| 001 | 0233899 | ||
| 005 | 20220725101127.2 | ||
| 041 | 0 | |a slo | |
| 044 | |a SK | ||
| 245 | 1 | 0 | |a Prínos aktívneho starnutia pre ekonomický a sociálny rozvoj |c Marcela Filipová |
| 520 | |a Prístupy k aktívnemu starnutiu v Európskej únii a demografický rozmer starnutia populácie vo svete a v Európskej únii. AGE Platform Europe - Európska platforma seniorov. Prístupy k aktívnemu starnutiu v Slovenskej republike a demografický rozmer starnutia populácie v Slovenskej republike. Prínos aktívneho starnutia pre ekonomický a sociálny rozvoj. | ||
| 610 | 2 | 0 | |a Slovensko |
| 610 | 2 | 0 | |a vývoj populačný |
| 610 | 2 | 0 | |a demografia ekonomická |
| 610 | 2 | 0 | |a rozvoj sociálno-ekonomický |
| 610 | 2 | 0 | |a Európska únia |
| 610 | 2 | 0 | |a starnutie populácie |
| 100 | 1 | |a Filipová, Marcela | |